| 000 | 01142nam a22003497a 4500 | ||
|---|---|---|---|
| 003 | CHAP | ||
| 005 | 20220817042456.0 | ||
| 008 | 971013s1969 r 00010 d | ||
| 010 | _a45802 | ||
| 011 | _a46774 | ||
| 035 | _a50915 | ||
| 040 | _cCHAP | ||
| 090 | _aFolleto 2265 | ||
| 110 | _aUNESCO | ||
| 245 | _aDemographic aspects of educational planning | ||
| 260 |
_aParis : _bInternational Institute for Educational Planning, _c1969 |
||
| 300 |
_a83 p. _b; gráfs |
||
| 490 |
_aFundamentals of educational planning _v; 9 |
||
| 590 |
_aBATCH-UPD _b10 _c20130110 _lUCH01 _h0116 |
||
| 590 |
_aBATCH-UPD _b10 _c20130110 _lUCH01 _h1248 |
||
| 590 |
_aBATCH-UPD _b10 _c20130410 _lUCH01 _h0811 |
||
| 590 |
_aBATCH-UPD _b10 _c20130914 _lUCH01 _h0919 |
||
| 590 |
_aCONVERSION _b10 _c20130109 _lUCH01 _h1325 |
||
| 650 | 1 | 4 |
_aPoblación. _989360 |
| 650 | 1 | 4 |
_aPolítica educativa. _990539 |
| 700 | 0 |
_aChauta, Ngoc. _922032 |
|
| 830 | 0 |
_aFundamentals of educational planning _v; 9 _944023 |
|
| 901 | _aBK | ||
| 942 | _cFOLL | ||
| 949 |
_aFolleto 2265 _bBC _cFOLL _d-114248 _eTS1 _i50915 _si |
||
| 949 |
_aFolleto 2265 _bBC _cFOLL _d-114249 _eTS2 _fc.2 _i50915 _si |
||
| 999 |
_c45802 _d45802 |
||